000 00375 a2200169 4500
001 145429
040 _cLeonardo Da Vinci
041 _aPortuguês
082 _aI R696
_bR696
100 _aRODRIGUES, Moacir
245 _aBaby panda
260 _bSeed Editorial
_c2008
_aSão Paulo
300 _a16
362 _a20080000
697 _aLiteratura infantil
942 _cBK
999 _c145429
_d145429